| 000 | 00750 a2200229 4500 | ||
|---|---|---|---|
| 005 | 20260316163039.0 | ||
| 008 | 260316b |||||||| |||| 00| 0 eng d | ||
| 020 | _a9789360623272 (hbk) | ||
| 037 | _cREF | ||
| 040 |
_aCRL _cCRL |
||
| 041 |
_2PER _aPER |
||
| 084 |
_aP164:1:4k R5 _bCRL |
||
| 100 |
_aHuque, Shanul Haq _91116076 |
||
| 245 | _aFarhang-e-talaffuz | ||
| 260 |
_aNew Delhi, India: _bEducational publishing house, _c2025. |
||
| 300 | _a984p. | ||
| 365 |
_b1600.00 _cINR |
||
| 650 |
_aPersian Langugae-Word _91132210 |
||
| 650 |
_aPersian Langugae-Dictionaries _91132211 |
||
| 942 |
_cTB _2CC _hP164:1:4k R5 |
||
| 999 |
_c1679849 _d1679849 |
||